The Building Official's and Inspector's Guide to Codes, Forms, and Complaints (Record no. 620189)

MARC details
000 -LEADER
fixed length control field 00568nam a2200181 4500
008 - FIXED-LENGTH DATA ELEMENTS--GENERAL INFORMATION
fixed length control field 260428b |||||||| |||| 00| 0 eng d
020 ## - INTERNATIONAL STANDARD BOOK NUMBER
ISBN 9781418048952
Paper back/Hardbound pbk
041 ## - LANGUAGE CODE
Language code of text/sound track or separate title eng
082 ## - DEWEY DECIMAL CLASSIFICATION NUMBER
Classification number 343.7307889 PIE
100 ## - MAIN ENTRY--AUTHOR NAME
Personal name Pieczynski,Linda
245 ## - TITLE STATEMENT
Title The Building Official's and Inspector's Guide to Codes, Forms, and Complaints
Statement of responsibility, etc Linda Pieczynski
260 ## - PUBLICATION, DISTRIBUTION, ETC. (IMPRINT)
Place of publication United States of America
Name of publisher Thomson Delmar Learning
300 ## - PHYSICAL DESCRIPTION
Number of Pages 204p. :
Dimensions 25cm.
504 ## - BIBLIOGRAPHY, ETC. NOTE
Bibliography, etc Includes index
650 ## - SUBJECT ADDED ENTRY--TOPICAL TERM
Topical Term Military, tax, trade & industrial law
942 ## - ADDED ENTRY ELEMENTS (KOHA)
Koha item type English Books
Holdings
Withdrawn status Lost status Damaged status Not for loan Home library Current library Shelving location Date acquired Full call number Accession Number Price effective from Koha item type
        Anna Centenary Library Anna Centenary Library 4TH FLOOR, A WING 03.09.2010 343.7307889 PIE 253178 28.04.2026 English Books

Find us on the map